000 00338nam a2200133Ia 4500
008 151001s9999||||xx |||||||||||||| ||und||
100 _aमंगला गोडबोले
245 _aसोबत
250 _a1
260 _bअर्चना अ ठाकूर
260 _c1991
300 _a216
365 _b21
999 _c971033
_d971030